[Event "Parana-ch"]
[White "Idalgo Filho, Robson Farias"]
[Black "Grilo, Bruno Ianzen"]
[Site "Curitiba"]
[Round "2"]
[Result "1-0"]
[Date "2015.01.29"]
[WhiteElo "1707"]
[BlackElo "1800"]
[PlyCount "87"]
[EventDate "2015.01.28"]
[EventType "swiss"]
[EventRounds "8"]
[EventCountry "BRA"]
[SourceTitle "CBM 164 Extra"]
[Source "ChessBase"]
[SourceDate "2015.03.02"]
[SourceVersion "1"]
[SourceVersionDate "2015.03.02"]
[SourceQuality "1"]

1. e4 e5 2. Nc3 Bc5 3. f4 d6 4. Nf3 Nc6 5. Bb5 Nge7 6. Na4 Bb6 7. Nxb6 axb6 8. 0-0 0-0 9. d3 exf4 10. Bxf4 Bg4 11. c3 Ng6 12. Bg3 Nge5 13. d4 Nxf3+ 14. gxf3 Bh3 15. Rf2 Qf6 16. Bd3 h5 17. f4 Qh6 18. f5 Ne7 19. Bf4 Qh7 20. Qf3 Bg4 21. Qg3 g5 22. Bxg5 f6 23. Bf4 Rf7 24. Kh1 Rg7 25. Qh4 d5 26. h3 dxe4 27. Bc4+ Kh8 28. hxg4 b5 29. Be6 hxg4 30. Qxh7+ Rxh7+ 31. Kg2 Rh5 32. Bxc7 e3 33. Rf4 Rg5 34. Re1 Rxa2 35. Bxa2 Nxf5 36. Rxf5 Rxf5 37. Rxe3 Kg7 38. Re7+ Kf8 39. Bd6 Rg5 40. Be6 Rg7 41. Rxb7+ Re7 42. Rxe7 b4 43. Rc7+ Ke8 44. Rc8# 1-0